[Event "FIDE Open World Blitz 2021"]
[Site "Warsaw"]
[Date "2021.12.29"]
[Round "12.15"]
[White "Nasuta, Grzegorz"]
[Black "Najer, Evgeniy"]
[Result "1-0"]
[WhiteElo "2377"]
[BlackElo "2654"]
[Annotator "ChessBase"]
[PlyCount "85"]
[EventDate "2021.12.29"]
[EventType "swiss"]
[EventCountry "POL"]
[Tiebreak "Cut1 Buchholz"]
[SourceTitle "playchess.com"]
[Source "ChessBase"]
[SourceQuality "1"]

1. e4 e5 2. Nf3 Nc6 3. Bc4 Bc5 4. O-O d6 5. d3 Nf6 6. c3 a6 7. Bb3 Ba7 8. Re1
h6 9. Nbd2 O-O 10. h3 Be6 11. Nf1 Bxb3 12. Qxb3 Qd7 13. Ng3 Rfe8 14. Be3 Bxe3
15. Rxe3 d5 16. Rae1 d4 17. cxd4 Nxd4 18. Nxd4 exd4 19. Rf3 Qb5 20. Qd1 Re6 21.
Qd2 Nd7 22. Rc1 Ne5 23. Rf5 Qxd3 24. Qf4 g5 25. Qxe5 Rxe5 26. Rxe5 c6 27. Re7
Qd2 28. Rc5 d3 29. Rd7 Qe1+ 30. Nf1 Qxe4 31. Rc3 Re8 32. Rcxd3 Qc4 33. Ng3 Re1+
34. Kh2 Qe6 35. Rxb7 Rc1 36. Re3 Qd6 37. Rf3 Qe6 38. Re3 Qg6 39. Re8+ Kg7 40.
Re5 h5 41. Ne4 g4 42. Rg5 g3+ 43. Kxg3 1-0

[Event "FIDE Open World Blitz 2021"]
[Site "Warsaw"]
[Date "2021.12.29"]
[Round "12.16"]
[White "Niemann, Hans Moke"]
[Black "Muradli, Mahammad"]
[Result "0-1"]
[WhiteElo "2635"]
[BlackElo "2571"]
[Annotator "ChessBase"]
[PlyCount "106"]
[EventDate "2021.12.29"]
[EventType "swiss"]
[EventCountry "POL"]
[Tiebreak "Cut1 Buchholz"]
[SourceTitle "playchess.com"]
[Source "ChessBase"]
[SourceQuality "1"]

1. d4 Nf6 2. Nc3 d5 3. Bf4 c6 4. e3 Bf5 5. f3 e6 6. g4 Bg6 7. h4 h5 8. g5 Ng8
9. Bd3 Bd6 10. Bxg6 fxg6 11. Nge2 Ne7 12. Qd3 O-O 13. O-O-O Qc7 14. Bxd6 Qxd6
15. Nf4 Rf5 16. Nce2 Nd7 17. e4 Rxf4 18. e5 Nxe5 19. dxe5 Qxe5 20. Nxf4 Qxf4+
21. Kb1 Nf5 22. Rde1 Re8 23. Qb3 Qc7 24. f4 Kf7 25. Re5 Qb6 26. Qa3 a6 27. Qd3
Qb4 28. Qf3 Qd4 29. a3 a5 30. Ree1 a4 31. Rh3 Qc4 32. Qf2 Qd4 33. Qh2 b5 34.
Rc3 Qb6 35. Rh1 Rb8 36. Qg1 d4 37. Rd3 c5 38. Qe1 Qd6 39. Qe4 c4 40. Rf3 b4 41.
Qe5 Qb6 42. b3 axb3 43. cxb3 bxa3 44. Rc1 c3 45. Kc2 Qxb3+ 46. Kd3 Kg8 47. Rf2
c2+ 48. Ke2 a2 49. Rf3 Qc4+ 50. Kd2 Rb1 51. Rxc2 Qxc2+ 52. Kxc2 a1=Q 53. Qxe6+
Kh7 0-1

[Event "FIDE Open World Blitz 2021"]
[Site "Warsaw"]
[Date "2021.12.29"]
[Round "12.16"]
[White "Zilka, Stepan"]
[Black "Ponkratov, Pavel"]
[Result "0-1"]
[WhiteElo "2593"]
[BlackElo "2662"]
[Annotator "ChessBase"]
[PlyCount "105"]
[EventDate "2021.12.29"]
[EventType "swiss"]
[EventCountry "POL"]
[Tiebreak "Cut1 Buchholz"]
[SourceTitle "playchess.com"]
[Source "ChessBase"]
[SourceQuality "1"]

1. e4 g6 2. d4 Bg7 3. Nc3 d5 4. Nxd5 c6 5. Nc3 Qxd4 6. Qxd4 Bxd4 7. Nf3 Bg7 8.
a4 Bg4 9. Be3 Bxf3 10. gxf3 a5 11. h4 h5 12. O-O-O Nd7 13. f4 Bxc3 14. bxc3
Ngf6 15. f3 O-O-O 16. c4 c5 17. Rh2 Kc7 18. Rhd2 b6 19. Bh3 Nb8 20. f5 Rxd2 21.
Rxd2 gxf5 22. Bf4+ Kb7 23. e5 Ne8 24. Bxf5 Ng7 25. Be4+ Kc8 26. Bg5 Re8 27. Bd5
Ne6 28. Be3 Rg8 29. f4 Rg4 30. f5 Nd8 31. Bg5 Nbc6 32. Bf3 Rxc4 33. Bxh5 Nxe5
34. Bxe7 Ndc6 35. Bf6 Rf4 36. Rd6 Kc7 37. Rd1 Rxf5 38. Bxe5+ Nxe5 39. Be2 Rf2
40. Re1 Rh2 41. h5 f5 42. Kd1 f4 43. Rf1 Rh4 44. Kd2 Kd6 45. Kc3 Kd5 46. Rd1+
Ke4 47. Rd6 f3 48. Bb5 Rxh5 49. Rxb6 c4 50. Re6 Kf4 51. Re8 f2 52. Rf8+ Rf5 53.
Kd4 0-1

[Event "FIDE Open World Blitz 2021"]
[Site "Warsaw"]
[Date "2021.12.29"]
[Round "12.17"]
[White "Oparin, Grigoriy"]
[Black "Sarana, Alexey"]
[Result "0-1"]
[WhiteElo "2580"]
[BlackElo "2656"]
[Annotator "ChessBase"]
[PlyCount "78"]
[EventDate "2021.12.29"]
[EventType "swiss"]
[EventCountry "POL"]
[Tiebreak "Cut1 Buchholz"]
[SourceTitle "playchess.com"]
[Source "ChessBase"]
[SourceQuality "1"]

1. d4 Nf6 2. c4 e6 3. Nf3 d5 4. g3 c6 5. Bg2 dxc4 6. a4 Bb4+ 7. Bd2 a5 8. Qc2
b5 9. axb5 Bxd2+ 10. Qxd2 cxb5 11. Qg5 O-O 12. Qxb5 Qd5 13. Qa4 Bd7 14. Qc2 Nc6
15. O-O Rab8 16. Rd1 Qb5 17. Na3 Qxb2 18. Qxb2 Rxb2 19. Nxc4 Rxe2 20. Ncd2 Ng4
21. Bf1 Rxf2 22. h3 Rxf3 23. Nxf3 Ne3 24. Rdc1 Nxf1 25. Kxf1 Ra8 26. Ra3 Be8
27. Kf2 Nb4 28. Ne5 Nd5 29. Nd3 g5 30. Nc5 a4 31. Rca1 Nb6 32. Rb1 Nc4 33. Rc3
Nd6 34. Ra3 Kg7 35. Rb4 h5 36. Nxa4 Ne4+ 37. Kf3 Nf6 38. Ra2 Nd5 39. Nc3 Nxb4
0-1

[Event "FIDE Open World Blitz 2021"]
[Site "Warsaw"]
[Date "2021.12.29"]
[Round "12.17"]
[White "Shoker, Samy"]
[Black "Dudin, Gleb"]
[Result "1-0"]
[WhiteElo "2504"]
[BlackElo "2339"]
[Annotator "ChessBase"]
[PlyCount "141"]
[EventDate "2021.12.29"]
[EventType "swiss"]
[EventCountry "POL"]
[Tiebreak "Cut1 Buchholz"]
[SourceTitle "playchess.com"]
[Source "ChessBase"]
[SourceQuality "1"]

1. Nf3 Nf6 2. g3 d5 3. Bg2 c6 4. c4 Bg4 5. Ne5 Bh5 6. cxd5 cxd5 7. Qa4+ Nbd7 8.
Nc3 e6 9. g4 Bg6 10. h4 h6 11. Nxg6 fxg6 12. Qc2 Kf7 13. h5 g5 14. d4 Bd6 15.
Qg6+ Kg8 16. O-O Qe8 17. Qxe8+ Rxe8 18. Bf3 Bb4 19. a3 Bxc3 20. bxc3 Rc8 21.
Rb1 Rc7 22. a4 Nb6 23. a5 Nc4 24. Ra1 Kf7 25. e3 Rhc8 26. Be2 Ne4 27. Bd3 Nxc3
28. f4 gxf4 29. exf4 Nb5 30. f5 Nxd4 31. fxe6+ Kxe6 32. a6 b6 33. g5 hxg5 34.
Bxg5 Kd6 35. Rae1 Kc5 36. Rc1 b5 37. Be3 Re8 38. Rf3 Rce7 39. Bf2 Re2 40. Rf4
Rxf2 41. Kxf2 Re5 42. Rh1 b4 43. Rf7 Rg5 44. Rxa7 b3 45. Rb7 Nc6 46. a7 Nxa7
47. Rxa7 Kd4 48. Bg6 b2 49. Rb7 Kc3 50. Rh3+ Kd4 51. Rhb3 Ne5 52. Rxb2 Nxg6 53.
hxg6 Rxg6 54. R7b4+ Ke5 55. Re2+ Kf5 56. Rd4 Rd6 57. Kf3 g5 58. Re8 Rd7 59. Re1
Rd6 60. Rg1 Rd7 61. Ke3 Rd6 62. Rf1+ Ke5 63. Rg4 Rg6 64. Rf8 Rg7 65. Kd3 Rg6
66. Rf1 Rg8 67. Rg2 Rg7 68. Re2+ Kd6 69. Rf6+ Kc5 70. Rc2+ Kb5 71. Rf5 1-0

[Event "FIDE Open World Blitz 2021"]
[Site "Warsaw"]
[Date "2021.12.29"]
[Round "12.18"]
[White "Socko, Bartosz"]
[Black "Karjakin, Sergey"]
[Result "0-1"]
[WhiteElo "2571"]
[BlackElo "2743"]
[Annotator "ChessBase"]
[PlyCount "116"]
[EventDate "2021.12.29"]
[EventType "swiss"]
[EventCountry "POL"]
[Tiebreak "Cut1 Buchholz"]
[SourceTitle "playchess.com"]
[Source "ChessBase"]
[SourceQuality "1"]

1. d4 Nf6 2. c4 e6 3. Nf3 b6 4. Bf4 Bb7 5. e3 Be7 6. Nc3 Nh5 7. Bg3 d6 8. Qc2
Nd7 9. O-O-O h6 10. Kb1 Ndf6 11. Nd2 Qd7 12. f3 Nxg3 13. hxg3 c5 14. g4 O-O-O
15. Nb3 Qc7 16. Bd3 a6 17. a4 Kb8 18. Rd2 cxd4 19. Nxd4 Rc8 20. Rc1 Rhd8 21.
Rdd1 Qc5 22. Qb3 Qa5 23. e4 Nd7 24. Bf1 Qc5 25. Ka1 Bf6 26. Nc2 Ne5 27. Na3 Nc6
28. Rd2 Bg5 29. Qd1 Bxd2 30. Qxd2 Qb4 31. Qe3 Na5 32. Kb1 Qc5 33. Qf4 Rc7 34.
Na2 Nb3 35. Rd1 e5 36. Qg3 Nd4 37. Nc3 Bc6 38. g5 hxg5 39. Qxg5 f6 40. Qe3 Qb4
41. Rd2 Rh8 42. Nc2 Nxc2 43. Rxc2 Rh1 44. Rc1 Qc5 45. Qd2 Qd4 46. Qc2 Bb7 47.
Qb3 Qf2 48. Qd1 Rc6 49. Nd5 Ka7 50. Nb4 Rc8 51. Ka2 a5 52. Nd3 Qd4 53. Qb3 Ba6
54. Ka1 Rxc4 55. Rd1 Rxa4+ 56. Kb1 Rxf1 57. Ne1 Rxe1 58. Qf7+ Bb7 0-1

[Event "FIDE Open World Blitz 2021"]
[Site "Warsaw"]
[Date "2021.12.29"]
[Round "12.18"]
[White "Gdanski, Jacek"]
[Black "Van Foreest, Lucas"]
[Result "1/2-1/2"]
[WhiteElo "2367"]
[BlackElo "2532"]
[Annotator "ChessBase"]
[PlyCount "142"]
[EventDate "2021.12.29"]
[EventType "swiss"]
[EventCountry "POL"]
[Tiebreak "Cut1 Buchholz"]
[SourceTitle "playchess.com"]
[Source "ChessBase"]
[SourceQuality "1"]

1. e4 c5 2. Nc3 a6 3. g3 Nc6 4. Bg2 e5 5. Nge2 g6 6. d3 Bg7 7. O-O Nge7 8. f4
d6 9. h3 O-O 10. Kh2 f5 11. Nd5 Nxd5 12. exd5 Nd4 13. fxe5 Nxe2 14. Qxe2 Bxe5
15. c3 Bd7 16. Bh6 Re8 17. Qd2 Qf6 18. Rad1 Qf7 19. d4 cxd4 20. cxd4 Bf6 21.
Bf4 Bb5 22. Rfe1 Bc4 23. Qa5 b5 24. Rxe8+ Rxe8 25. Qxa6 Re2 26. Rd2 Rxd2 27.
Bxd2 Bxd4 28. Bh6 Qe8 29. Qxd6 Bxb2 30. Qc6 Qxc6 31. dxc6 Be6 32. c7 Bc8 33.
Bd5+ Kh8 34. Kg2 Bg7 35. Bf4 Bc3 36. Bh6 Ba5 37. Bf4 Kg7 38. Be5+ Kf8 39. Bd6+
Ke8 40. Bc6+ Kf7 41. Bxb5 Ke6 42. Bf4 Bb7+ 43. Kf1 h6 44. h4 g5 45. hxg5 hxg5
46. Bxg5 Bxc7 47. Bf4 Bxf4 48. gxf4 Kd5 49. Kf2 Kc5 50. Bd3 Bd5 51. a3 Be6 52.
Ke3 Bd7 53. Bc2 Kc4 54. Bd1 Kc3 55. Ke2 Kd4 56. Bc2 Kc3 57. Kd1 Kb2 58. a4 Kc3
59. a5 Bc8 60. Bxf5 Ba6 61. Bb1 Kb4 62. Kd2 Kxa5 63. Kc3 Kb6 64. Kd4 Kc7 65.
Ke5 Kd8 66. Kf6 Ke8 67. Kg7 Bc8 68. Be4 Ke7 69. Kg6 Bd7 70. Bf5 Bxf5+ 71. Kxf5
Kf7 1/2-1/2

[Event "FIDE Open World Blitz 2021"]
[Site "Warsaw"]
[Date "2021.12.29"]
[Round "12.19"]
[White "Rapport, Richard"]
[Black "Sanal, Vahap"]
[Result "1/2-1/2"]
[WhiteElo "2763"]
[BlackElo "2590"]
[Annotator "ChessBase"]
[PlyCount "149"]
[EventDate "2021.12.29"]
[EventType "swiss"]
[EventCountry "POL"]
[Tiebreak "Cut1 Buchholz"]
[SourceTitle "playchess.com"]
[Source "ChessBase"]
[SourceQuality "1"]

1. e4 e5 2. Nf3 Nc6 3. g3 Nf6 4. d3 d5 5. exd5 Nxd5 6. Bg2 Bd6 7. O-O O-O 8. a3
a5 9. Nc3 Nf6 10. Re1 h6 11. d4 Bg4 12. dxe5 Nxe5 13. Bf4 Nxf3+ 14. Bxf3 Bxf4
15. gxf4 Qxd1 16. Bxd1 Bf5 17. Re5 g6 18. Nb5 Rfc8 19. Bf3 Rab8 20. Nd4 Bd7 21.
Rxa5 c5 22. Ne2 Bc6 23. Bxc6 Rxc6 24. Rd1 Re8 25. Ng3 h5 26. h4 Ng4 27. Kg2 Kg7
28. Ra7 Re7 29. Ra8 f5 30. Rad8 Nf6 31. Kf3 Rb6 32. b3 c4 33. R8d6 Rxd6 34.
Rxd6 cxb3 35. cxb3 Rc7 36. Kg2 Ng4 37. Ne2 Rc2 38. Kf1 Nh2+ 39. Ke1 Nf3+ 40.
Kd1 Rb2 41. Rd7+ Kf8 42. b4 Ke8 43. Rd3 Nxh4 44. Rg3 Kf7 45. Ke1 Rb1+ 46. Kd2
Rb2+ 47. Ke1 Rb1+ 48. Kd2 Rb2+ 49. Kd3 Rb3+ 50. Kc2 Rxg3 51. fxg3 Ng2 52. Kd2
Ke7 53. a4 Kd6 54. Kd3 b6 55. Kd4 h4 56. gxh4 Nxh4 57. Kc4 Nf3 58. Nc3 Kc6 59.
Kd3 g5 60. Ke3 g4 61. Ne2 Kd5 62. Ng3 Nd4 63. Kd3 Ne6 64. Ke3 Kc4 65. b5 Ng7
66. a5 Kxb5 67. axb6 Kxb6 68. Kd4 Kb5 69. Ke5 Kc4 70. Kf6 Kd4 71. Kxg7 Ke3 72.
Nh5 g3 73. Nxg3 Kxf4 74. Kf6 Kxg3 75. Kxf5 1/2-1/2

[Event "FIDE Open World Blitz 2021"]
[Site "Warsaw"]
[Date "2021.12.29"]
[Round "12.19"]
[White "Sankalp, Gupta"]
[Black "Heimann, Andreas"]
[Result "1-0"]
[WhiteElo "2323"]
[BlackElo "2584"]
[Annotator "ChessBase"]
[PlyCount "47"]
[EventDate "2021.12.29"]
[EventType "swiss"]
[EventCountry "POL"]
[Tiebreak "Cut1 Buchholz"]
[SourceTitle "playchess.com"]
[Source "ChessBase"]
[SourceQuality "1"]

1. d4 Nf6 2. Nf3 d5 3. c3 e6 4. Bf4 c5 5. e3 Bd6 6. Nbd2 O-O 7. Bd3 Qc7 8. Bxd6
Qxd6 9. Ne5 Nbd7 10. f4 b6 11. O-O Bb7 12. Qb1 a5 13. Rf3 Rfc8 14. Rh3 Nf8 15.
g4 cxd4 16. exd4 Ra7 17. g5 Ne4 18. Nxe4 dxe4 19. Bxe4 b5 20. Bxh7+ Nxh7 21.
Qxh7+ Kf8 22. Qh8+ Ke7 23. Qxg7 Re8 24. Qf6+ 1-0

[Event "FIDE Open World Blitz 2021"]
[Site "Warsaw"]
[Date "2021.12.29"]
[Round "12.20"]
[White "Abdusattorov, Nodirbek"]
[Black "Cheparinov, Ivan"]
[Result "0-1"]
[WhiteElo "2646"]
[BlackElo "2594"]
[Annotator "ChessBase"]
[PlyCount "110"]
[EventDate "2021.12.29"]
[EventType "swiss"]
[EventCountry "POL"]
[Tiebreak "Cut1 Buchholz"]
[SourceTitle "playchess.com"]
[Source "ChessBase"]
[SourceQuality "1"]

1. e4 c5 2. Nf3 d6 3. c3 Nf6 4. Bd3 Nc6 5. Bc2 Bg4 6. O-O e6 7. d3 Be7 8. Nbd2
d5 9. h3 Bh5 10. Re1 Qc7 11. Nf1 O-O 12. Ng3 Bg6 13. Qe2 dxe4 14. dxe4 Bd6 15.
Bg5 Bxg3 16. fxg3 Qxg3 17. Qe3 Nh5 18. Qxc5 Nf4 19. Bxf4 Qxf4 20. Qe3 Qxe3+ 21.
Rxe3 Rfd8 22. Ba4 Rac8 23. b4 Bh5 24. g4 Bg6 25. Kf2 f6 26. Bb3 Bf7 27. e5 Nxe5
28. Nxe5 fxe5 29. Rae1 e4 30. Bc2 Bg6 31. Bb3 Kf7 32. h4 h6 33. Bc2 Rd2+ 34.
R1e2 Rxe2+ 35. Kxe2 Kf6 36. Bb3 Ke5 37. c4 b6 38. Rc3 h5 39. g5 Kd4 40. Rc1 Bf5
41. Rd1+ Kc3 42. Rd7 g6 43. b5 e5 44. Rxa7 Rd8 45. c5 bxc5 46. b6 c4 47. Rc7
Be6 48. b7 Rb8 49. Ke3 Kb4 50. Bc2 c3 51. Bxe4 Bf5 52. Rc8 Bxc8 53. bxc8=Q Rxc8
54. Bxg6 c2 55. Bxc2 Rxc2 0-1

[Event "FIDE Open World Blitz 2021"]
[Site "Warsaw"]
[Date "2021.12.29"]
[Round "12.20"]
[White "Nevednichy, Vladislav"]
[Black "Bartel, Mateusz"]
[Result "1/2-1/2"]
[WhiteElo "2379"]
[BlackElo "2619"]
[Annotator "ChessBase"]
[PlyCount "106"]
[EventDate "2021.12.29"]
[EventType "swiss"]
[EventCountry "POL"]
[Tiebreak "Cut1 Buchholz"]
[SourceTitle "playchess.com"]
[Source "ChessBase"]
[SourceQuality "1"]

1. e4 e6 2. d4 d5 3. exd5 exd5 4. Nf3 Bd6 5. c4 c6 6. Nc3 Ne7 7. c5 Bc7 8. Bd3
Bf5 9. O-O O-O 10. Re1 Bxd3 11. Qxd3 Nd7 12. Bg5 f6 13. Bh4 Ng6 14. Bg3 Bxg3
15. hxg3 Qc7 16. b4 Rfe8 17. Nd2 Ndf8 18. Nb3 h5 19. b5 h4 20. gxh4 Nxh4 21. g3
Nhg6 22. Qf5 Kf7 23. a4 Ne6 24. Re3 Ng5 25. Rae1 Rxe3 26. Rxe3 Ne7 27. Qg4 Rh8
28. Kg2 g6 29. a5 a6 30. b6 Qd8 31. Nd2 Nf5 32. Re1 Qd7 33. f3 Kf8 34. Nd1 Qh7
35. Nf1 Qh1+ 36. Kf2 Nh3+ 37. Ke2 Kf7 38. Kd2 Qg2+ 39. Kc1 Qa2 40. Nd2 Qa1+ 41.
Nb1 Qxa5 42. Rh1 Qb4 43. Rxh3 Rxh3 44. Qxh3 Nxd4 45. Qd7+ Kg8 46. Qc8+ Kh7 47.
Qxb7+ Kh6 48. Qc7 Nb3+ 49. Kc2 Nd4+ 50. Kc1 Nb3+ 51. Kc2 Nd4+ 52. Kc1 Nb3+ 53.
Kc2 Nd4+ 1/2-1/2

[Event "FIDE Open World Blitz 2021"]
[Site "Warsaw"]
[Date "2021.12.29"]
[Round "12.21"]
[White "Harsha, Bharathakoti"]
[Black "Alekseenko, Kirill"]
[Result "0-1"]
[WhiteElo "2576"]
[BlackElo "2710"]
[Annotator "ChessBase"]
[PlyCount "76"]
[EventDate "2021.12.29"]
[EventType "swiss"]
[EventCountry "POL"]
[Tiebreak "Cut1 Buchholz"]
[SourceTitle "playchess.com"]
[Source "ChessBase"]
[SourceQuality "1"]

1. Nf3 d5 2. e3 Nf6 3. c4 e6 4. Nc3 b6 5. b3 Bb7 6. Bb2 Nbd7 7. Rc1 a6 8. cxd5
exd5 9. Ne2 Bd6 10. Ng3 g6 11. Ne2 Qe7 12. g3 O-O-O 13. Bg2 Kb8 14. O-O h5 15.
Ned4 c5 16. Ne2 h4 17. d4 hxg3 18. hxg3 c4 19. bxc4 dxc4 20. Rxc4 Qe6 21. d5
Qxd5 22. Rd4 Qh5 23. Rh4 Qc5 24. Bd4 Qc6 25. Qa1 Rxh4 26. Nxh4 Ne4 27. Rc1 Qb5
28. Nc3 Nxc3 29. Qxc3 Rc8 30. Qd2 Rxc1+ 31. Qxc1 Qa4 32. Qd2 Qb4 33. Qe2 Qb1+
34. Kh2 g5 35. Bxb7 Kxb7 36. Qf3+ Kc7 37. Nf5 Qxa2 38. Qa8 Qxf2+ 0-1

[Event "FIDE Open World Blitz 2021"]
[Site "Warsaw"]
[Date "2021.12.29"]
[Round "12.21"]
[White "Parligras, Mircea-Emilian"]
[Black "Vastrukhin, Oleg"]
[Result "1-0"]
[WhiteElo "2576"]
[BlackElo "2588"]
[Annotator "ChessBase"]
[PlyCount "65"]
[EventDate "2021.12.29"]
[EventType "swiss"]
[EventCountry "POL"]
[Tiebreak "Cut1 Buchholz"]
[SourceTitle "playchess.com"]
[Source "ChessBase"]
[SourceQuality "1"]

1. d4 g6 2. e4 Bg7 3. Nf3 c6 4. c4 d5 5. e5 Be6 6. Qb3 Qb6 7. Nc3 Nh6 8. Ng5
Nf5 9. Nxe6 fxe6 10. Be3 O-O 11. Bd3 Nxe3 12. fxe3 Nd7 13. Qxb6 axb6 14. Ke2
Bh6 15. h4 Kg7 16. g4 Kg8 17. g5 Bg7 18. h5 Rf5 19. Bxf5 gxf5 20. cxd5 exd5 21.
e6 Nf8 22. Raf1 Nxe6 23. Rxf5 Bxd4 24. g6 hxg6 25. hxg6 Bxc3 26. bxc3 Rxa2+ 27.
Kf3 Kg7 28. Rg1 Nc5 29. Rf7+ Kg8 30. g7 Ra8 31. Rxe7 Ne4 32. Kf4 Nxc3 33. Rh1
1-0

[Event "FIDE Open World Blitz 2021"]
[Site "Warsaw"]
[Date "2021.12.29"]
[Round "12.22"]
[White "Fridman, Daniel"]
[Black "Van Foreest, Jorden"]
[Result "0-1"]
[WhiteElo "2626"]
[BlackElo "2566"]
[Annotator "ChessBase"]
[PlyCount "68"]
[EventDate "2021.12.29"]
[EventType "swiss"]
[EventCountry "POL"]
[Tiebreak "Cut1 Buchholz"]
[SourceTitle "playchess.com"]
[Source "ChessBase"]
[SourceQuality "1"]

1. d4 d5 2. c4 e6 3. Nf3 Nf6 4. g3 Bb4+ 5. Nbd2 O-O 6. Bg2 b6 7. O-O Bb7 8. b3
a5 9. Bb2 Nbd7 10. Rc1 Re8 11. Nb1 Ne4 12. c5 bxc5 13. a3 cxd4 14. axb4 e5 15.
b5 Nd6 16. Na3 Nf6 17. Ne1 Bc8 18. Nd3 Bg4 19. Nc5 Rb8 20. Re1 h5 21. h3 Bf5
22. Qd2 Qc8 23. Na6 Rb7 24. Qxa5 Bxh3 25. Rxc7 Qg4 26. Rxb7 Nxb7 27. Qc7 h4 28.
Bf3 Qg6 29. Kh2 hxg3+ 30. fxg3 Qh6 31. Bc1 Qh7 32. Kg1 e4 33. Bg2 Ng4 34. Bh1
Bf1 0-1

[Event "FIDE Open World Blitz 2021"]
[Site "Warsaw"]
[Date "2021.12.29"]
[Round "12.22"]
[White "Petrovskyi, Vadym"]
[Black "Antipov, Mikhail Al."]
[Result "1-0"]
[WhiteElo "2377"]
[BlackElo "2587"]
[Annotator "ChessBase"]
[PlyCount "97"]
[EventDate "2021.12.29"]
[EventType "swiss"]
[EventCountry "POL"]
[Tiebreak "Cut1 Buchholz"]
[SourceTitle "playchess.com"]
[Source "ChessBase"]
[SourceQuality "1"]

1. e4 c5 2. Nf3 d6 3. d4 cxd4 4. Nxd4 Nf6 5. Nc3 a6 6. Be2 e6 7. Be3 Qc7 8. O-O
b5 9. a3 Bb7 10. f3 Nbd7 11. Qd2 Be7 12. Rad1 O-O 13. Bd3 Rac8 14. Qe2 Nc5 15.
Kh1 Rfe8 16. Rfe1 Bf8 17. Qf2 Nxd3 18. cxd3 e5 19. Nf5 d5 20. Bg5 Qc6 21. Qg3
Qe6 22. Qh4 d4 23. Ne2 Nd7 24. Qg3 Rc2 25. Nexd4 exd4 26. Nxd4 Qa2 27. Nxc2
Qxb2 28. Qc7 Nc5 29. Ne3 Rc8 30. Qb6 Qxa3 31. d4 Rc6 32. Qd8 Ne6 33. Qb8 Nxg5
34. Qxb7 Rg6 35. d5 Qd6 36. Nf5 Qe5 37. d6 Ne6 38. d7 Qb2 39. Ne3 Be7 40. Qc8+
Nd8 41. Rg1 Rc6 42. Qb8 a5 43. Nd5 Kf8 44. Rb1 Qd2 45. Qxb5 Rh6 46. Nxe7 Qd6
47. g3 Kxe7 48. Qg5+ Rf6 49. e5 1-0

[Event "FIDE Open World Blitz 2021"]
[Site "Warsaw"]
[Date "2021.12.29"]
[Round "12.23"]
[White "Gajewski, Grzegorz"]
[Black "Sargissian, Gabriel"]
[Result "1/2-1/2"]
[WhiteElo "2589"]
[BlackElo "2664"]
[Annotator "ChessBase"]
[PlyCount "78"]
[EventDate "2021.12.29"]
[EventType "swiss"]
[EventCountry "POL"]
[Tiebreak "Cut1 Buchholz"]
[SourceTitle "playchess.com"]
[Source "ChessBase"]
[SourceQuality "1"]

1. c4 e6 2. Nf3 d5 3. e3 Nf6 4. Nc3 b6 5. b3 Bd6 6. Bb2 O-O 7. Nb5 Be7 8. Be5
Na6 9. h3 c6 10. Nc3 c5 11. Be2 Bb7 12. O-O Nb4 13. cxd5 Nbxd5 14. Rc1 Rc8 15.
Qc2 Bd6 16. Qb2 Bxe5 17. Nxe5 Qe7 18. Rfd1 Rfd8 19. d4 Nxc3 20. Rxc3 cxd4 21.
Rxc8 Rxc8 22. Qxd4 h6 23. Bc4 Bd5 24. g3 Ba8 25. Ba6 Rf8 26. Qd6 Qxd6 27. Rxd6
Re8 28. f3 Kf8 29. e4 Ke7 30. Rd4 Rb8 31. Kf2 g5 32. a4 Rg8 33. Rc4 Ne8 34. Rc8
Nf6 35. Rc3 Rd8 36. Rc7+ Kd6 37. Rxf7 Kxe5 38. Ke3 Nd7 39. Bb5 Nc5 1/2-1/2

[Event "FIDE Open World Blitz 2021"]
[Site "Warsaw"]
[Date "2021.12.29"]
[Round "12.23"]
[White "Gabuzyan, Hovhannes"]
[Black "Dziuba, Marcin"]
[Result "1-0"]
[WhiteElo "2580"]
[BlackElo "2568"]
[Annotator "ChessBase"]
[PlyCount "89"]
[EventDate "2021.12.29"]
[EventType "swiss"]
[EventCountry "POL"]
[Tiebreak "Cut1 Buchholz"]
[SourceTitle "playchess.com"]
[Source "ChessBase"]
[SourceQuality "1"]

1. e4 e6 2. d4 d5 3. Bd3 dxe4 4. Bxe4 Nf6 5. Bf3 c5 6. Ne2 Nc6 7. Be3 Nd5 8.
Bxd5 Qxd5 9. Nbc3 Qd7 10. dxc5 Be7 11. Nb5 O-O 12. Qxd7 Bxd7 13. O-O-O Rfd8 14.
a3 Ne5 15. Nd6 Bc6 16. f3 Bxd6 17. Rxd6 Rxd6 18. cxd6 Nc4 19. Bf4 e5 20. b3
Nxa3 21. Bg3 Nb5 22. Rd1 a5 23. c4 Na7 24. Bxe5 Bd7 25. Nc3 f6 26. Bd4 Nc6 27.
Bc5 Re8 28. Kd2 Kf7 29. Nd5 h5 30. Ra1 h4 31. Bb6 h3 32. gxh3 Re6 33. Bc7 Nd4
34. Kc3 Ne2+ 35. Kb2 Nd4 36. Rxa5 Re2+ 37. Kc3 Nxf3 38. Ra7 Bc6 39. Nb4 Re3+
40. Kb2 Bd7 41. Rxb7 Ke6 42. Nd5 Re2+ 43. Kc3 Rxh2 44. Bb8 Rxh3 45. Nf4+ 1-0

[Event "FIDE Open World Blitz 2021"]
[Site "Warsaw"]
[Date "2021.12.29"]
[Round "12.24"]
[White "Quparadze, Giga"]
[Black "Jumabayev, Rinat"]
[Result "1-0"]
[WhiteElo "2475"]
[BlackElo "2658"]
[Annotator "ChessBase"]
[PlyCount "71"]
[EventDate "2021.12.29"]
[EventType "swiss"]
[EventCountry "POL"]
[Tiebreak "Cut1 Buchholz"]
[SourceTitle "playchess.com"]
[Source "ChessBase"]
[SourceQuality "1"]

1. e4 e6 2. d4 d5 3. Nd2 c5 4. Ngf3 cxd4 5. Nxd4 Nf6 6. exd5 a6 7. N4f3 Nxd5 8.
Nb3 Qc7 9. c4 Nf6 10. Bd3 Nbd7 11. O-O Bd6 12. Qe2 O-O 13. h3 b6 14. a4 Bb7 15.
a5 Bxf3 16. Qxf3 Ne5 17. Qe2 Nxd3 18. Qxd3 bxa5 19. Rxa5 Rfd8 20. Qc2 Bb4 21.
Ra1 Rdc8 22. Ra4 a5 23. Nd2 Nd7 24. b3 Nc5 25. Ra2 Qe5 26. Bb2 Qe2 27. Bc3 Rd8
28. Nf3 Qxc2 29. Rxc2 Bxc3 30. Rxc3 Rab8 31. Ra1 Rxb3 32. Rxb3 Nxb3 33. Ra3 Rb8
34. Ne5 f6 35. Nc6 Rc8 36. Ne7+ 1-0

[Event "FIDE Open World Blitz 2021"]
[Site "Warsaw"]
[Date "2021.12.29"]
[Round "12.24"]
[White "Jakubowski, Krzysztof"]
[Black "Mikhalevski, Victor"]
[Result "0-1"]
[WhiteElo "2373"]
[BlackElo "2577"]
[Annotator "ChessBase"]
[PlyCount "86"]
[EventDate "2021.12.29"]
[EventType "swiss"]
[EventCountry "POL"]
[Tiebreak "Cut1 Buchholz"]
[SourceTitle "playchess.com"]
[Source "ChessBase"]
[SourceQuality "1"]

1. e4 e5 2. Nf3 Nc6 3. Bc4 Bc5 4. O-O Nf6 5. d3 a5 6. c3 d6 7. h3 h6 8. Re1 O-O
9. d4 Bb6 10. dxe5 Nxe5 11. Nxe5 dxe5 12. Qf3 a4 13. Na3 Qe7 14. Be3 Bc5 15.
Nc2 c6 16. a3 b5 17. Ba2 Nh7 18. Bxc5 Qxc5 19. Rad1 Ng5 20. Qg3 Qe7 21. Nb4 Bb7
22. Qe3 Qc7 23. h4 Nh7 24. Qc5 Rac8 25. Rd6 Nf6 26. f3 Nd7 27. Rxd7 Qxd7 28.
Qxe5 Qd2 29. Rf1 Qxb2 30. Qe7 c5 31. Qxb7 cxb4 32. Bxf7+ Kh8 33. Be6 Rb8 34.
Qd5 bxc3 35. Qe5 Qxa3 36. f4 c2 37. Qc7 Qe3+ 38. Kh2 Qxe4 39. f5 Qxh4+ 40. Kg1
Qd4+ 41. Kh2 Qb2 42. f6 gxf6 43. Bf5 Qe5+ 0-1

[Event "FIDE Open World Blitz 2021"]
[Site "Warsaw"]
[Date "2021.12.29"]
[Round "12.25"]
[White "Berchtenbreiter, Maximilian"]
[Black "Kolosowski, Mateusz"]
[Result "0-1"]
[WhiteElo "2506"]
[BlackElo "2444"]
[Annotator "ChessBase"]
[PlyCount "71"]
[EventDate "2021.12.29"]
[EventType "swiss"]
[EventCountry "POL"]
[Tiebreak "Cut1 Buchholz"]
[SourceTitle "playchess.com"]
[Source "ChessBase"]
[SourceQuality "1"]

1. e4 e5 2. Nf3 Nc6 3. Bc4 Nf6 4. d3 h6 5. c3 d6 6. Bb3 g6 7. Nbd2 Bg7 8. h3
O-O 9. Qe2 d5 10. Nf1 a5 11. a4 Be6 12. Bc2 Re8 13. g4 Nd7 14. Rg1 Nc5 15. Ne3
dxe4 16. dxe4 Bb3 17. Bxb3 Nxb3 18. Rb1 Nc5 19. Nd5 Ne7 20. Qc4 b6 21. Be3 Nxd5
22. exd5 e4 23. Bxc5 bxc5 24. Nd2 e3 25. fxe3 Qg5 26. Kd1 Rxe3 27. Kc2 Rae8 28.
Rg2 Qh4 29. Rf1 Qxh3 30. Rgf2 R3e7 31. d6 cxd6 32. Rxf7 Kh7 33. Rxe7 Rxe7 34.
Rf7 Rxf7 35. Qxf7 Qxg4 36. Nc4 0-1